000 00364nam a2200145Ia 4500
008 230312s9999||||xx |||||||||||||| ||und||
020 _a1285860195
082 _a005.268
_bZAK-M
100 _aStephens,Rod
245 0 _aVisual Basic 2012 Programmer's Reference
260 _bCengage
_aUSA
_c2016
300 _a796
650 _aComputer
_vProgramming
942 _cBK
999 _c16060
_d16060